Zborník vybraných výskumných úloh 1985-1986
Salvato in:
| Natura: | Libro |
|---|---|
| Lingua: | slovacco |
| Pubblicazione: |
Bratislava
Výskumný ústav cestovného ruchu
1987
|
| Tags: |
Nessun Tag, puoi essere il primo ad aggiungerne!!
|
MARC
| LEADER | 00000nam a2200000 4500 | ||
|---|---|---|---|
| 001 | c024441 | ||
| 005 | 20260120134242.8 | ||
| 041 | 0 | |a slo | |
| 044 | |a SK | ||
| 245 | 1 | 0 | |a Zborník vybraných výskumných úloh 1985-1986 |
| 264 | 1 | |a Bratislava |b Výskumný ústav cestovného ruchu |c 1987 | |
| 300 | |a 116 s. | ||